Shadow prey
| Main Author: | |
|---|---|
| Format: | Book |
| Published: |
London :
Grafton Books ,
1990
|
MARC
| LEADER | 00000cam a2200000 7i4500 | ||
|---|---|---|---|
| 001 | 0000009214 | ||
| 002 | 000010033 | ||
| 005 | 20000330.0 | ||
| 020 | |a 0246137460 | ||
| 090 | 0 | 0 | |a F |b SAN |
| 100 | 1 | |a Sandford, John | |
| 245 | 1 | 0 | |a Shadow prey |c John Sandford |
| 260 | |a London : |b Grafton Books , |c 1990 | ||
| 300 | |a 316 p. ; |c 24 cm. | ||
| 999 | |a 030051 |b BUKU |c PINJAMAN |e PERPUSTAKAAN KOMUNITI PETALING JAYA | ||
| 999 | |a 030053 |b BUKU |c PINJAMAN |e PERPUSTAKAAN KOMUNITI PETALING JAYA | ||